| 000 | 00382nam a22001457a 4500 | ||
|---|---|---|---|
| 005 | 20251119083526.0 | ||
| 008 | 251119b |||||||| |||| 00| 0 eng d | ||
| 040 |
_a _c |
||
| 100 |
_aDR. DUTTA BIRENDRANATH _91075 |
||
| 245 | _aLOKA SAMSKRITIR SWARUP ARU ADHYAYAN | ||
| 250 | _a1ST | ||
| 260 |
_aDIBRUGARH _bDIBRUFGARH UNIVERSITY _c1998 |
||
| 300 | _a87:P | ||
| 942 |
_2ddc _cBK |
||
| 999 |
_c32159 _d32159 |
||